000 00655nam a2200193 4500
001 143386
003 ES-MaACL
007 t|
008 070214s1929 sp r ||||1| spa d
100 1 _aSéneca, Lucio Anneo.
_9105451
245 1 0 _aTratados filosóficos de Lucio Anneo Séneca /
_ctraducción de Pedro Fernández Navarrete.
260 _aMadrid :
_b[s.n.],
_c1929 (
_fImp. La Rafa)
300 _aXVI, 341 p. ;
_c24 cm.
490 1 _aBiblioteca de filósofos españoles
700 1 _aFernández Navarrete, Pedro.
_949952
830 0 _aBiblioteca de filósofos españoles
_9187269
852 _aES-MaACL
_jB-3458
_bR.29195
999 _c143386
_d143386